书目信息 |
| 题名: |
线性与非线性积分方程
|
|
| 作者: | Wazwaz, , 佤斯瓦茨 著 | |
| 分册: | ||
| 出版信息: | 北京 高等教育出版社 2011.06 |
|
| 页数: | 639页 | |
| 开本: | 25cm | |
| 丛书名: | ||
| 单 册: | ||
| 中图分类: | O175.5 | |
| 科图分类: | ||
| 主题词: | 非线性积分方程--fei xian xing ji fen fang cheng--英文 , 线性积分方程--xian xing ji fen fang cheng--英文 | |
| 电子资源: | ||
| ISBN: | 978-7-04-031694-0 | |
| 000 | 01168nam0 2200265 450 | |
| 001 | 1142714383 | |
| 005 | 20111111115536.12 | |
| 010 | @a978-7-04-031694-0@b精装@dCNY128.00@z7-04-031694-3 | |
| 100 | @a20110822d2011 em y0chiy50 ba | |
| 101 | 0 | @aeng |
| 102 | @aCN@b110000 | |
| 105 | @aa z 001yy | |
| 200 | 1 | @a线性与非线性积分方程@Axian xing yu fei xian xing ji fen fang cheng@emethods and application@d= 线性与非线性积分方程@e方法及应用@f(美)佤斯瓦茨@F(mei)wa si wa ci@zchi |
| 210 | @a北京@c高等教育出版社@d2011.06 | |
| 215 | @a639页@c图@d25cm | |
| 320 | @a有索引 | |
| 330 | @a本书分成两部分, 各部分自成体系。第一部分主要对第一类、第二类线性积分方程进行了系统、深入的分析并提供各种解法 ; 第二部分主要讲述非线性积分方程求解及其应用, 针对不适定Fredholm问题、分歧点和奇异点等问题进行了系统的分析, 并提供易于理解的处理方法。 | |
| 510 | 1 | @a线性与非线性积分方程@e方法及应用@zchi |
| 606 | 0 | @a非线性积分方程@Afei xian xing ji fen fang cheng@x英文 |
| 606 | 0 | @a线性积分方程@Axian xing ji fen fang cheng@x英文 |
| 690 | @aO175.5@v4 | |
| 701 | 1 | @aWazwaz,@bAbdul-Majid@4著 |
| 701 | 0 | @a佤斯瓦茨@Awa si wa ci |
| 801 | 0 | @aCN@c20110822 |
| 905 | @dO175.5@eW016 | |
| 线性与非线性积分方程:methods and application= 线性与非线性积分方程:方法及应用/(美)佤斯瓦茨.-北京:高等教育出版社,2011.06 |
| 639页:图;25cm |
| ISBN 978-7-04-031694-0(精装):CNY128.00 |
| 本书分成两部分, 各部分自成体系。第一部分主要对第一类、第二类线性积分方程进行了系统、深入的分析并提供各种解法 ; 第二部分主要讲述非线性积分方程求解及其应用, 针对不适定Fredholm问题、分歧点和奇异点等问题进行了系统的分析, 并提供易于理解的处理方法。 |
| ● |
| 相关链接 |
|
|
|
正题名:线性与非线性积分方程
索取号:O175.5/W016
 
预约/预借
| 序号 | 登录号 | 条形码 | 馆藏地/架位号 | 状态 | 备注 |
| 1 | 1222131 | 212221317 | 自科库401/401自科库 45排4列4层/ [索取号:O175.5/W016] | 在馆 |